|
|
|
|
| LEADER |
00634nab a2200169 i 4500 |
| 001 |
misc2615 |
| 005 |
20191106144346.0 |
| 008 |
170607s1893 hu o 0|| hun d |
| 040 |
|
|
|a SZTE Miscellanea Repozitórium
|b hun
|
| 041 |
|
|
|a hun
|
| 100 |
1 |
|
|a Berényi Pál
|
| 245 |
1 |
2 |
|a A gyermekek biztositása [!biztosítása] baleset ellen
|h [elektronikus dokumentum] /
|c Berényi Pál
|
| 260 |
|
|
|c 1893
|
| 300 |
|
|
|a 22-30
|
| 490 |
0 |
|
|a A kereskedelmi jog és ismeretek tára : havi folyóirat
|v 3 No. 39
|
| 695 |
|
|
|a Jogtudomány, Közgazdaságtudomány
|
| 856 |
4 |
0 |
|u http://misc.bibl.u-szeged.hu/2615/1/kereskedelmi_003_039_022-030.pdf
|z Dokumentum-elérés
|